<?xml version="1.0" encoding="UTF-8"?>
<record
    xmlns:xsi="http://www.w3.org/2001/XMLSchema-instance"
    xsi:schemaLocation="http://www.loc.gov/MARC21/slim http://www.loc.gov/standards/marcxml/schema/MARC21slim.xsd"
    xmlns="http://www.loc.gov/MARC21/slim">

  <leader>01614nam a22002777a 4500</leader>
  <controlfield tag="005">20230608164442.0</controlfield>
  <controlfield tag="008">230608b           ||||| |||| 00| 0 eng d</controlfield>
  <datafield tag="020" ind1=" " ind2=" ">
    <subfield code="a">9789351507307</subfield>
  </datafield>
  <datafield tag="040" ind1=" " ind2=" ">
    <subfield code="c">AL</subfield>
  </datafield>
  <datafield tag="041" ind1=" " ind2=" ">
    <subfield code="a">eng</subfield>
  </datafield>
  <datafield tag="082" ind1=" " ind2=" ">
    <subfield code="2">23</subfield>
    <subfield code="a">658.3125</subfield>
    <subfield code="b">RAOP</subfield>
  </datafield>
  <datafield tag="100" ind1=" " ind2=" ">
    <subfield code="a">T V Rao</subfield>
    <subfield code="9">122984</subfield>
  </datafield>
  <datafield tag="245" ind1=" " ind2=" ">
    <subfield code="a">Performance management:</subfield>
    <subfield code="b">Toward Organizational Excellence</subfield>
  </datafield>
  <datafield tag="250" ind1=" " ind2=" ">
    <subfield code="a">2</subfield>
  </datafield>
  <datafield tag="260" ind1=" " ind2=" ">
    <subfield code="a">Los Angeles</subfield>
    <subfield code="b">Sage</subfield>
    <subfield code="c">2016</subfield>
  </datafield>
  <datafield tag="300" ind1=" " ind2=" ">
    <subfield code="a">viii,298p.</subfield>
    <subfield code="b">PB</subfield>
    <subfield code="c">21x14cm.</subfield>
  </datafield>
  <datafield tag="365" ind1=" " ind2=" ">
    <subfield code="2">Management</subfield>
    <subfield code="b">725.00</subfield>
    <subfield code="c">&#x20B9;</subfield>
    <subfield code="d">725.00</subfield>
    <subfield code="f">07-06-2023</subfield>
  </datafield>
  <datafield tag="520" ind1=" " ind2=" ">
    <subfield code="a">Table of Contents: Foreword Vijay Govindarajan Preface to the First Edition Preface to This Edition Acknowledgments Performance Management: An Overview Defining and Planning Performance Defining and Building Competencies Performance Analysis for Individual and Organization Development Reducing Biases in Ratings and Managing Forced Distribution Performance Conversations and Performance Review Discussions Using Performance Management System Data for HR Decisions and Performance Improvements Best Practices in Performance Management Managing Motivation through Rewards and Recognition: Best Practices Lessons from Experience: A New Look at Performance Management Systems 360 Degree Feedback as a Performance Management Tool Performance Management through Assessment and Development CentersReferences Index</subfield>
  </datafield>
  <datafield tag="650" ind1=" " ind2=" ">
    <subfield code="a">Planning Performance</subfield>
    <subfield code="9">122985</subfield>
  </datafield>
  <datafield tag="650" ind1=" " ind2=" ">
    <subfield code="a">Buiiding Competencies</subfield>
    <subfield code="9">122986</subfield>
  </datafield>
  <datafield tag="650" ind1=" " ind2=" ">
    <subfield code="a">Performance Analysis</subfield>
    <subfield code="9">122987</subfield>
  </datafield>
  <datafield tag="650" ind1=" " ind2=" ">
    <subfield code="a">Managing Motivation</subfield>
    <subfield code="9">122988</subfield>
  </datafield>
  <datafield tag="650" ind1=" " ind2=" ">
    <subfield code="a">Forced Distribution</subfield>
    <subfield code="9">122989</subfield>
  </datafield>
  <datafield tag="700" ind1=" " ind2=" ">
    <subfield code="a">RAO (T V)</subfield>
    <subfield code="9">122990</subfield>
  </datafield>
  <datafield tag="942" ind1=" " ind2=" ">
    <subfield code="2">ddc</subfield>
    <subfield code="c">DB</subfield>
  </datafield>
  <datafield tag="999" ind1=" " ind2=" ">
    <subfield code="c">227464</subfield>
    <subfield code="d">227464</subfield>
  </datafield>
  <datafield tag="952" ind1=" " ind2=" ">
    <subfield code="0">0</subfield>
    <subfield code="1">0</subfield>
    <subfield code="2">ddc</subfield>
    <subfield code="4">0</subfield>
    <subfield code="7">0</subfield>
    <subfield code="8">MAN</subfield>
    <subfield code="a">AL</subfield>
    <subfield code="b">AL</subfield>
    <subfield code="d">2023-06-07</subfield>
    <subfield code="l">0</subfield>
    <subfield code="o">658.3125 RAOP</subfield>
    <subfield code="p">D05711</subfield>
    <subfield code="r">2023-06-08 00:00:00</subfield>
    <subfield code="v">725.00</subfield>
    <subfield code="w">2023-06-08</subfield>
    <subfield code="y">DB</subfield>
    <subfield code="z">Donated by Tanisha Arouza Pai</subfield>
  </datafield>
</record>
